000 01035nam a2200277Ia 4500
999 _c49618
_d49618
001 16550
003 GE_BSU
005 20200131132119.0
008 181216s||||||||xx |||||||||||||| ||und||
020 _aISBN 9781133947974
040 _cGE_BSU
080 _a37+159.922.7
100 _aGartrell, Dan.
_96628
245 2 _aA guidance approach for the encouraging classroom
250 _a6th ed.
260 _aBelmont, CA
260 _bWadsworth Cengage Learning,
260 _c2014
300 _axxvi, 547 p, col. ill, 25 cm.
541 _h339gel.
653 _aSchool discipline--United States. Child psychology--United States. Problem solving in children. Interpersonal relations in children--United States.
653 _aპედაგოგიკა
653 _aსკოლის დისციპლინა - ბავშვის ფსიქოლოგია, პრობლემის გადაჭრა ბავშვებში.
653 _aფსიქოლოგია
942 _cBK
_2udc